| 000 | 00529aab a2200181 4500 | ||
|---|---|---|---|
| 001 | 768714001 | ||
| 003 | CO-MdFUSB | ||
| 005 | 20240614142038.0 | ||
| 008 | 170524s2001 cr ||||| |||| 00| 0 spa d | ||
| 022 | _a1409-1968 | ||
| 040 |
_aCO-MdFUSB _bspa _cCO-MdFUSB _dCO-MdFUSB |
||
| 041 | _aspa | ||
| 100 | 1 |
_aWittig, Randall M. _eautor |
|
| 245 | 1 | 0 |
_aAmsterdam 2000 y CLADE 4 _c/ Randall M. Wittig |
| 773 | 0 |
_tApuntes Pastorales _049442 _960162 _gVolumen 18, número 2 (2001), página 6 _qPágina 6 |
|
| 942 | _cANA | ||
| 945 | _aJTF-925 | ||
| 999 |
_c60163 _d60163 |
||